[Event "Klatovy op-A 23rd"]
[Site "Klatovy"]
[Date "2017.07.09"]
[Round "9"]
[White "Paldus, Jan"]
[Black "Sroubova, Lenka"]
[Result "0-1"]
[WhiteElo "1770"]
[BlackElo "1986"]
[PlyCount "122"]
[EventDate "2017.07.01"]
[EventType "swiss"]
[EventRounds "9"]
[EventCountry "CZE"]
[SourceTitle "EXT 2018"]
[Source "ChessBase"]
[SourceDate "2017.10.13"]
[SourceVersion "1"]
[SourceVersionDate "2017.10.13"]
[SourceQuality "1"]

1. e4 c5 2. Nf3 Nc6 3. d4 cxd4 4. Nxd4 g6 5. Nc3 Bg7 6. Be3 Nf6 7. Be2 0-0 8. 0-0 d6 9. h3 Nxd4 10. Bxd4 Be6 11. Bf3 Nd7 12. Bxg7 Kxg7 13. Bg4 Qb6 14. Rb1 Ne5 15. Bxe6 fxe6 16. Qe2 Rf6 17. Qb5 Qc7 18. Qe2 Rc8 19. Rbc1 a6 20. Nd1 Qa5 21. a3 Nc4 22. c3 b5 23. Ne3 Qb6 24. Nxc4 bxc4 25. Rc2 e5 26. Re1 Rcf8 27. Qe3 Rb8 28. Qxb6 Rxb6 29. f3 Rf8 30. Kf2 g5 31. Ke3 h5 32. g4 h4 33. Rd1 Rfb8 34. Rdd2 Kf6 35. Ke2 Ke6 36. Ke3 Kd7 37. Ke2 Kc6 38. Ke3 e6 39. Ke2 Kc5 40. Kf2 R6b7 41. Ke2 d5 42. exd5 exd5 43. Kf2 Rf7 44. Kg2 Rbf8 45. Re2 Kd6 46. Re3 Rb8 47. Ree2 a5 48. a4 Rf4 49. Re3 d4 50. cxd4 exd4 51. Re4 Rxe4 52. fxe4 Rb4 53. Rf2 Ke5 54. Rf5+ Kxe4 55. Rxg5 Rxb2+ 56. Kf1 d3 57. Rg8 c3 58. Re8+ Kf3 59. Rf8+ Kg3 60. Re8 Rb1+ 61. Re1 c2 0-1

[Event "Klatovy op-A 23rd"]
[Site "Klatovy"]
[Date "2017.07.05"]
[Round "5"]
[White "Fox, Pierre"]
[Black "Sroubova, Lenka"]
[Result "0-1"]
[WhiteElo "1761"]
[BlackElo "1986"]
[PlyCount "72"]
[EventDate "2017.07.01"]
[EventType "swiss"]
[EventRounds "9"]
[EventCountry "CZE"]
[SourceTitle "EXT 2018"]
[Source "ChessBase"]
[SourceDate "2017.10.13"]
[SourceVersion "1"]
[SourceVersionDate "2017.10.13"]
[SourceQuality "1"]

1. d4 Nf6 2. c4 g6 3. Nc3 Bg7 4. e4 d6 5. h3 0-0 6. Bg5 h6 7. Be3 Nc6 8. Nf3 e5 9. d5 Ne7 10. Qd2 Kh7 11. Be2 Ne8 12. g4 c6 13. a3 a5 14. h4 f5 15. gxf5 gxf5 16. exf5 cxd5 17. Ng5+ Kh8 18. cxd5 Nxf5 19. Nge4 Nxe3 20. Qxe3 Nf6 21. Nxf6 Rxf6 22. Ne4 Rf4 23. Rc1 Bf5 24. Rc4 b5 25. Ng5 hxg5 26. hxg5+ Kg8 27. Rxf4 exf4 28. Qxf4 Bg6 29. Bxb5 Qe7+ 30. Kf1 Qe5 31. Qg4 Qxd5 32. Bc4 Bd3+ 33. Bxd3 Qxh1+ 34. Ke2 Re8+ 35. Kd2 Qe1+ 36. Kc2 Qxf2+ 0-1

[Event "Klatovy op 22nd"]
[Site "Klatovy"]
[Date "2016.07.09"]
[Round "8"]
[White "Sroubova, Lenka"]
[Black "Kozak, Milos"]
[Result "1/2-1/2"]
[WhiteElo "1961"]
[BlackElo "2152"]
[PlyCount "62"]
[EventDate "2016.07.02"]
[EventType "swiss"]
[EventRounds "9"]
[EventCountry "CZE"]
[SourceTitle "CBM 173 Extra"]
[Source "ChessBase"]
[SourceDate "2016.08.29"]
[SourceVersion "1"]
[SourceVersionDate "2016.08.29"]
[SourceQuality "1"]

1. c4 c6 2. Nc3 d5 3. d4 Nf6 4. Nf3 dxc4 5. e4 b5 6. a3 e6 7. Bg5 Bb7 8. Be2 h6 9. Bxf6 Qxf6 10. 0-0 Qd8 11. b3 cxb3 12. Qxb3 Be7 13. d5 exd5 14. exd5 0-0 15. dxc6 Bxc6 16. Nxb5 Na6 17. Rfd1 Qb6 18. Nbd4 Qxb3 19. Nxb3 Ba4 20. Bxa6 Bxb3 21. Rd3 Rad8 22. Nd4 Ba4 23. Nf5 Bf6 24. Rc1 Rd6 25. Bc4 Re6 26. Nd6 Kh7 27. Re1 Rd8 28. Nxf7 Rxd3 29. Bxd3+ Kg8 30. Bg6 Rb6 31. Rc1 Rb8 1/2-1/2

[Event "Klatovy op 22nd"]
[Site "Klatovy"]
[Date "2016.07.03"]
[Round "2"]
[White "Sroubova, Lenka"]
[Black "Palla, Rostislav"]
[Result "1-0"]
[WhiteElo "1961"]
[BlackElo "1736"]
[PlyCount "101"]
[EventDate "2016.07.02"]
[EventType "swiss"]
[EventRounds "9"]
[EventCountry "CZE"]
[SourceTitle "CBM 173 Extra"]
[Source "ChessBase"]
[SourceDate "2016.08.29"]
[SourceVersion "1"]
[SourceVersionDate "2016.08.29"]
[SourceQuality "1"]

1. c4 e6 2. Nc3 d5 3. d4 Nf6 4. Bg5 Nbd7 5. Nf3 c6 6. a3 Be7 7. e3 0-0 8. Bd3 dxc4 9. Bxc4 Nd5 10. Bxe7 Qxe7 11. 0-0 Nxc3 12. bxc3 e5 13. Qb3 e4 14. Nd2 b5 15. Be2 Nb6 16. Qb4 Qe6 17. c4 a6 18. Rfc1 Bd7 19. Nb3 Qg6 20. Na5 Rfc8 21. Rab1 Bh3 22. Bf1 Be6 23. Qc5 Na4 24. Qd6 Bg4 25. Qxg6 hxg6 26. Nb7 Re8 27. h3 Bd7 28. Nd6 Re6 29. Nb7 Rb8 30. Na5 Nb6 31. Nb3 Re7 32. Nc5 Ra8 33. a4 Nxa4 34. Nxa4 bxa4 35. c5 Be6 36. Rb6 Bd5 37. Ra1 Bb3 38. Rxc6 Rb7 39. Rxa6 Rxa6 40. Bxa6 Ra7 41. Bb5 a3 42. Bc6 f5 43. d5 Kf8 44. d6 a2 45. Bb5 Rb7 46. Ba6 Rb8 47. c6 Be6 48. Kh2 Rb1 49. Rxa2 Bxa2 50. d7 Ke7 51. c7 1-0

[Event "CZE-ch U18/20 Girls"]
[Site "Doksy"]
[Date "2015.11.25"]
[Round "9"]
[White "Suchomelova, Simona"]
[Black "Sroubova, Lenka"]
[Result "1/2-1/2"]
[WhiteElo "1921"]
[BlackElo "1972"]
[PlyCount "85"]
[EventDate "2015.11.14"]
[EventType "swiss"]
[EventRounds "9"]
[EventCountry "CZE"]
[SourceTitle "EXT 2022"]
[Source "ChessBase"]
[SourceDate "2021.10.06"]
[SourceVersion "1"]
[SourceVersionDate "2021.10.06"]
[SourceQuality "1"]

1. e4 e6 2. d4 d5 3. Nd2 Nf6 4. e5 Nfd7 5. Bd3 c5 6. c3 Nc6 7. Ne2 Be7 8. 0-0 0-0 9. Nf3 cxd4 10. cxd4 f5 11. exf6 Nxf6 12. Bg5 Qe8 13. Rc1 Bd7 14. a3 Rc8 15. Bb1 Qf7 16. Nc3 Qh5 17. Ne2 Ne4 18. Bxe4 Bxg5 19. Ng3 Qh6 20. Nxg5 Qxg5 21. Bb1 Be8 22. b4 Bg6 23. Bxg6 Qxg6 24. b5 Na5 25. Qe2 Nc4 26. a4 Rce8 27. Rfd1 Rf4 28. Rc3 Qf7 29. f3 h5 30. Nf1 Qf6 31. Rcd3 Rc8 32. Ne3 g5 33. g3 Nxe3 34. Qxe3 Rf5 35. Rc1 Rxc1+ 36. Qxc1 Qf7 37. Qc8+ Kg7 38. Re3 Rxf3 39. Rxf3 Qxf3 40. Qxb7+ Kf6 41. Qxa7 Qe3+ 42. Kf1 Qf3+ 43. Kg1 1/2-1/2

[Event "CZE-ch U20 Girls"]
[Site "Frydek Mistek"]
[Date "2014.11.20"]
[Round "7"]
[White "Sroubova, Lenka"]
[Black "Kanakova, Natalie"]
[Result "1-0"]
[WhiteElo "1949"]
[BlackElo "1960"]
[PlyCount "91"]
[EventDate "2014.11.16"]
[EventType "swiss"]
[EventRounds "9"]
[EventCountry "CZE"]
[SourceTitle "CBM 163 Extra"]
[Source "ChessBase"]
[SourceDate "2014.12.23"]
[SourceVersion "1"]
[SourceVersionDate "2014.12.23"]
[SourceQuality "1"]

1. c4 Nf6 2. Nc3 e6 3. e4 d6 4. Nf3 c5 5. g3 Be7 6. Bg2 0-0 7. 0-0 Nc6 8. d4 cxd4 9. Nxd4 Bd7 10. h3 a6 11. Be3 Rc8 12. Rc1 Nxd4 13. Qxd4 b5 14. cxb5 axb5 15. a4 e5 16. Qd1 b4 17. Nd5 Nxd5 18. exd5 f5 19. f4 e4 20. b3 Qa5 21. Rf2 Bf6 22. Rfc2 Bc3 23. Bf1 Rf6 24. Kh2 Rh6 25. Bd4 Qd8 26. Bxc3 bxc3 27. Rxc3 Rxc3 28. Rxc3 g5 29. fxg5 Qxg5 30. Qc1 Qf6 31. Rc7 Be8 32. Rc8 Kf7 33. Qc7+ Qe7 34. Qxe7+ Kxe7 35. a5 f4 36. gxf4 Rh5 37. Bc4 Bd7 38. Rh8 Rxh3+ 39. Kg2 Rc3 40. a6 Rc2+ 41. Kg3 Ra2 42. Rxh7+ Kd8 43. a7 Rxa7 44. Bb5 Ra3 45. Rxd7+ Kc8 46. Ba4 1-0

[Event "Liberec Metalmex op"]
[Site "Liberec"]
[Date "2011.08.16"]
[Round "4"]
[White "Purkyt, Jaroslav"]
[Black "Sroubova, Lenka"]
[Result "1-0"]
[WhiteElo "1788"]
[BlackElo "1804"]
[PlyCount "70"]
[EventDate "2011.08.13"]
[EventType "swiss"]
[EventRounds "9"]
[EventCountry "CZE"]
[SourceTitle "CBM 143 Extra"]
[Source "ChessBase"]
[SourceDate "2011.08.29"]
[SourceVersion "1"]
[SourceVersionDate "2011.08.29"]
[SourceQuality "1"]

1. c4 b6 2. Nf3 Bb7 3. e3 Nf6 4. Be2 e6 5. b3 Be7 6. Bb2 0-0 7. d3 d5 8. Nbd2 c5 9. 0-0 Nc6 10. d4 cxd4 11. exd4 Rc8 12. Re1 Qc7 13. Bf1 Rfd8 14. Qe2 Ba6 15. Rac1 Qb8 16. h3 Bd6 17. Ne5 dxc4 18. bxc4 Bxe5 19. dxe5 Nd7 20. Nf3 Na5 21. Qe4 Nc5 22. Qf4 h6 23. Nd4 Na4 24. Ba3 Nc5 25. Nb5 Nab7 26. Re3 Rd7 27. Rg3 Kh7 28. Bxc5 Nxc5 29. Nd6 Rf8 30. Re1 Nb7 31. Qg4 Rg8 32. Bd3+ Kh8 33. Qe4 g6 34. Qf4 Kg7 35. Qf6+ Kf8 1-0

[Event "CZE-chT U20 final-B 1011"]
[Site "Czech Republic"]
[Date "2011.04.17"]
[Round "11.3"]
[White "Zpevakova, Jana"]
[Black "Sroubova, Lenka"]
[Result "1-0"]
[WhiteElo "1769"]
[BlackElo "1873"]
[PlyCount "105"]
[EventDate "2010.10.02"]
[EventType "team-tourn"]
[EventRounds "11"]
[EventCountry "CZE"]
[SourceTitle "EXT 2012"]
[Source "ChessBase"]
[SourceDate "2011.11.24"]
[SourceVersion "1"]
[SourceVersionDate "2011.11.24"]
[SourceQuality "1"]
[WhiteTeam "Stare Mesto (U20)"]
[BlackTeam "Rychnov nad Kneznou (U20)"]
[WhiteTeamCountry "CZE"]
[BlackTeamCountry "CZE"]

1. e4 Nf6 2. e5 Nd5 3. d4 d6 4. c4 Nb6 5. exd6 exd6 6. Nf3 Bg4 7. Be2 Nc6 8. 0-0 Be7 9. Be3 0-0 10. Nbd2 Bf6 11. Rc1 Re8 12. Re1 Rb8 13. a3 a5 14. Qc2 d5 15. c5 Nd7 16. Bd3 Nf8 17. Bb5 Ne6 18. Qa4 Bf5 19. Nb3 Rf8 20. Nxa5 Ra8 21. Bxc6 bxc6 22. b4 Be4 23. Qd1 Bxf3 24. Qxf3 Nxd4 25. Bxd4 Bxd4 26. Nxc6 Qf6 27. Ne7+ Kh8 28. Qxf6 Bxf6 29. Nxd5 Bb2 30. Rb1 Bxa3 31. Nxc7 Rab8 32. Na6 Ra8 33. b5 Rfc8 34. c6 Kg8 35. Red1 Kf8 36. Rd7 Be7 37. Nc7 Rab8 38. b6 Bd8 39. Rbd1 Bxc7 40. bxc7 Ra8 41. Rd8+ Ke7 42. Rxc8 Rxc8 43. Rd7+ Ke6 44. Kf1 h5 45. Ke2 g5 46. Kd3 f5 47. Kd4 f4 48. Kc5 g4 49. Kb6 h4 50. Rd8 g3 51. hxg3 f3 52. gxf3 h3 53. Rxc8 1-0

[Event "CZE-chT U20 final-B 1011"]
[Site "Czech Republic"]
[Date "2011.04.16"]
[Round "10.3"]
[White "Sroubova, Lenka"]
[Black "Bausano, Michael"]
[Result "1-0"]
[WhiteElo "1873"]
[BlackElo "1728"]
[PlyCount "53"]
[EventDate "2010.10.02"]
[EventType "team-tourn"]
[EventRounds "11"]
[EventCountry "CZE"]
[SourceTitle "EXT 2012"]
[Source "ChessBase"]
[SourceDate "2011.11.24"]
[SourceVersion "1"]
[SourceVersionDate "2011.11.24"]
[SourceQuality "1"]
[WhiteTeam "Rychnov nad Kneznou (U20)"]
[BlackTeam "Orlova (U20)"]
[WhiteTeamCountry "CZE"]
[BlackTeamCountry "CZE"]

1. Nf3 Nc6 2. g3 e5 3. d3 d5 4. Bg2 Nf6 5. 0-0 Bc5 6. c4 dxc4 7. Qa4 Bd7 8. Qxc4 Bb6 9. Bg5 h6 10. Bxf6 Qxf6 11. Nbd2 Qe6 12. Rac1 0-0 13. Rfe1 Rad8 14. Nh4 Ba5 15. Bd5 Qe7 16. Ng6 Qg5 17. Nxf8 Bxd2 18. Nxd7 Rxd7 19. Bxc6 bxc6 20. Qxc6 Qe7 21. Red1 Bxc1 22. Rxc1 Qe8 23. Rc4 Qc8 24. Qc5 Qe8 25. Qxa7 c6 26. Qc5 Rb7 27. b3 1-0

[Event "CZE-ch U16 Girls"]
[Site "Kouty nad Desnou"]
[Date "2011.03.14"]
[Round "4"]
[White "Zavadilova, Karolina"]
[Black "Sroubova, Lenka"]
[Result "0-1"]
[WhiteElo "1779"]
[BlackElo "1867"]
[PlyCount "156"]
[EventDate "2011.03.12"]
[EventType "swiss"]
[EventRounds "9"]
[EventCountry "CZE"]
[SourceTitle "EXT 2014"]
[Source "ChessBase"]
[SourceDate "2013.11.20"]
[SourceVersion "1"]
[SourceVersionDate "2013.11.20"]
[SourceQuality "1"]

1. e4 b6 2. d4 Bb7 3. Bd3 Nf6 4. Nc3 h6 5. Nf3 e6 6. 0-0 Bb4 7. e5 Nd5 8. Nxd5 Bxd5 9. c4 Bxf3 10. Qxf3 Nc6 11. Qe4 Be7 12. a3 Bg5 13. f4 Be7 14. f5 Nxd4 15. Qg4 Bc5 16. Kh1 Qe7 17. Qxg7 0-0-0 18. f6 Qf8 19. Be3 Nb3 20. Rae1 Bxe3 21. Rxe3 Nc5 22. Bc2 Rg8 23. Qxf8 Rdxf8 24. Rh3 Rg5 25. b4 Nb7 26. Re1 h5 27. Bd1 Rh8 28. g4 d6 29. Rxh5 Rgxh5 30. gxh5 dxe5 31. Rxe5 Rh6 32. Re3 Nd6 33. Be2 Rxf6 34. Rg3 Kd7 35. Re3 Ke7 36. Rh3 Nf5 37. Bd3 Nh6 38. Kg2 Rf4 39. Kg3 Rd4 40. Kg2 f5 41. Rg3 Rg4 42. Kf3 Kf6 43. Rxg4 Nxg4 44. h4 Nh6 45. Kf4 e5+ 46. Kg3 e4 47. Be2 Ke5 48. Kg2 f4 49. Kf2 Kf5 50. a4 f3 51. Bxf3 exf3 52. Kxf3 Ke5 53. Ke3 Nf5+ 54. Kd3 Nxh4 55. h6 Ng6 56. h7 Nh8 57. Ke3 c5 58. b5 Ng6 59. Kf3 Kf6 60. Ke4 Kg7 61. Kd5 Kxh7 62. Kc6 Ne5+ 63. Kb7 Nxc4 64. Kxa7 Kg6 65. Kb7 Kf6 66. Kc6 Ke6 67. a5 Nxa5+ 68. Kxb6 Nb3 69. Kc6 c4 70. b6 c3 71. Kb5 Nc5 72. Kxc5 c2 73. b7 c1Q+ 74. Kb6 Qb2+ 75. Kc7 Qe5+ 76. Kc8 Qc5+ 77. Kb8 Kd7 78. Ka8 Qa5+ 0-1

[Event "CZE-ch U16 Girls"]
[Site "Kouty nad Desnou"]
[Date "2011.03.12"]
[Round "1"]
[White "Sroubova, Lenka"]
[Black "Richterova, Natasa"]
[Result "1/2-1/2"]
[WhiteElo "1867"]
[BlackElo "1674"]
[PlyCount "106"]
[EventDate "2011.03.12"]
[EventType "swiss"]
[EventRounds "9"]
[EventCountry "CZE"]
[SourceTitle "EXT 2014"]
[Source "ChessBase"]
[SourceDate "2013.11.20"]
[SourceVersion "1"]
[SourceVersionDate "2013.11.20"]
[SourceQuality "1"]

1. d3 d5 2. Nf3 c5 3. g3 Nf6 4. Bg2 e6 5. 0-0 Be7 6. Nbd2 Nc6 7. e4 dxe4 8. dxe4 e5 9. Qe2 0-0 10. h3 Qc7 11. c3 b6 12. Nb3 a5 13. Rd1 a4 14. Nbd2 Ba6 15. Qe1 Rad8 16. Nh4 Rfe8 17. Nf1 Rxd1 18. Qxd1 Rd8 19. Qe1 Na5 20. Ne3 Nc4 21. Nxc4 Bxc4 22. Nf5 Bf8 23. Bg5 Qc6 24. Ne3 Be6 25. Bxf6 gxf6 26. Nd5 Bxd5 27. exd5 Qd6 28. c4 f5 29. Qd1 Ra8 30. Qh5 Qg6 31. Qxg6+ hxg6 32. Rd1 Bd6 33. Rd3 Kf8 34. Kf1 Ke7 35. f3 Ra5 36. Kf2 b5 37. Rc3 b4 38. Rd3 Ra7 39. Bf1 Bc7 40. Be2 Kd6 41. Bd1 Bd8 42. h4 Bf6 43. Rd2 Bg7 44. g4 Bh6 45. g5 Bg7 46. Kg3 a3 47. b3 Ra8 48. Bc2 Rh8 49. Rd1 Rh5 50. Rh1 Ke7 51. Bd1 Kd6 52. Be2 Rh8 53. Bd3 Rh5 1/2-1/2

[Event "CZE-chTW U20 1011"]
[Site "Czech Republic"]
[Date "2010.10.02"]
[Round "1.2"]
[White "Zvara, David"]
[Black "Sroubova, Lenka"]
[Result "1-0"]
[WhiteElo "1998"]
[BlackElo "1873"]
[PlyCount "37"]
[EventDate "2010.10.02"]
[EventType "team-tourn"]
[EventRounds "11"]
[EventCountry "CZE"]
[SourceTitle "EXT 2012"]
[Source "ChessBase"]
[SourceDate "2011.11.24"]
[SourceVersion "1"]
[SourceVersionDate "2011.11.24"]
[SourceQuality "1"]
[WhiteTeam "Vlasim (U20)"]
[BlackTeam "Rychnov nad Kneznou (U20)"]
[WhiteTeamCountry "CZE"]
[BlackTeamCountry "CZE"]

1. e4 Nf6 2. e5 Nd5 3. c4 Nb6 4. c5 Nd5 5. Bc4 e6 6. Nc3 Nxc3 7. dxc3 Bxc5 8. Qg4 Kf8 9. Nf3 d5 10. Bd3 Nc6 11. h4 d4 12. c4 Nb4 13. Be4 d3 14. Kf1 Nc6 15. Rh3 h5 16. Qf4 Kg8 17. Ng5 Qe7 18. Rxd3 Bd4 19. Bxc6 1-0

[Event "CZE-ch U12 Girls"]
[Site "Sec u Chrudimi"]
[Date "2008.03.10"]
[Round "3"]
[White "Hatasova, Michaela"]
[Black "Sroubova, Lenka"]
[Result "1-0"]
[WhiteElo "1295"]
[BlackElo "1000"]
[PlyCount "43"]
[EventDate "2008.03.08"]
[EventType "swiss"]
[EventRounds "9"]
[EventCountry "CZE"]
[SourceTitle "EXT 2009"]
[Source "ChessBase"]
[SourceDate "2008.11.26"]
[SourceVersion "1"]
[SourceVersionDate "2008.11.26"]
[SourceQuality "1"]

1. e4 e5 2. Nc3 Nf6 3. f4 exf4 4. e5 Ng8 5. Nf3 b6 6. d4 Bb7 7. Bxf4 d6 8. Qe2 Qe7 9. Nb5 Bxf3 10. gxf3 Kd8 11. 0-0-0 Kc8 12. Qc4 c5 13. Qd5 Qb7 14. Nxd6+ Bxd6 15. Bh3+ Nd7 16. Bxd7+ Qxd7 17. Qxa8+ Bb8 18. dxc5 Qf5 19. Qc6+ Bc7 20. Rd4 Ne7 21. Qa8+ Bb8 22. e6 1-0